| 000 | 03276cam a22004338i 4500 | ||
|---|---|---|---|
| 001 | 21111636 | ||
| 003 | NUST | ||
| 005 | 20220825161856.0 | ||
| 006 | m |o d | | ||
| 007 | cr ||||||||||| | ||
| 008 | 190731s2019 nyu ob 001 0 eng | ||
| 010 | _a 2019980286 | ||
| 020 |
_a9780795352744 _q(ebook other) |
||
| 020 | _z9781948122528 | ||
| 038 | _aAzhar | ||
| 040 |
_aDLC _beng _cDLC _erda |
||
| 042 | _apcc | ||
| 050 | 0 | 0 | _aHD30.3 |
| 082 | 0 | 0 |
_a658.45 _223 _bMOD |
| 100 | 1 |
_aModzelewski, Jack, _eauthor. _997683 |
|
| 245 | 1 | 0 |
_aTalk is chief : _bleadership, communication, and credibility in a high-stakes world _cJack Modzelewski. |
| 250 | _aFirst edition. | ||
| 260 |
_aNew York : _bRosetta Books, _c2019 |
||
| 263 | _a1911 | ||
| 300 | _a220p | ||
| 336 |
_atext _btxt _2rdacontent |
||
| 337 |
_acomputer _bc _2rdamedia |
||
| 338 |
_aonline resource _bcr _2rdacarrier |
||
| 504 | _aIncludes bibliographical references and index. | ||
| 520 |
_a"With compelling stories and strategies, Talk is Chief inspires leaders to treat their daily communication practices as seriously as their fiscal, operational, value creation, deal making, business transformation, and other executive responsibilities. Leaders today spend up to 90 percent of each day communicating to make good things happen in their organizations. They communicate with colleagues, customers, shareowners, creditors, regulators, advocates, and competitors. They influence culture, opportunity, risk-taking, and risk aversion. Jack Modzelewski's thirty-five years of experience working with many Fortune 500 companies as a communications consultant suggests that too many leaders undervalue and therefore underperform their vital communication responsibilities. They do so at their own disadvantage and sometimes peril in this age of heightened activism, transparency, disruption, disinformation, and crisis. Whether they recognize it or not, leaders are chief credibility officers, with organizational reputation often resting on their words and actions, especially in times of crisis. Talk is Chief provides sound advice, examples, and even a "10 Commandments of Crisis Management," so that leaders can either avoid crises or avert worst-case scenarios when an existential threat confronts them. Leadership communication today--the ability for leaders to be heard and clearly understood above the constant noise of the complicated worlds in which they must lead or govern--is of the highest importance. The stakes in this new communication environment are high and it's proven that effective leadership communication inspires people to perform collectively better, leading to better outcomes. Which is why Talk is Chief is a must-read for 21st century leaders"-- _cProvided by publisher. |
||
| 588 | _aDescription based on print version record and CIP data provided by publisher; resource not viewed. | ||
| 650 | 0 | _aCommunication in management. | |
| 650 | 0 | _aCommunication in organizations. | |
| 650 | 0 | _aLeadership. | |
| 776 | 0 | 8 |
_iPrint version: _aModzelewski, Jack. _tTalk is chief _bFirst edition. _dNew York : Rosetta Books, [2019] _z9781948122528 _w(DLC) 2019020414 |
| 906 |
_a7 _bcbc _corignew _d1 _eecip _f20 _gy-gencatlg |
||
| 942 |
_2ddc _cLC |
||
| 999 |
_c591133 _d591133 |
||